Apuntes de topografía Melocabo (Record no. 94155)

MARC details
000 -LEADER
campo de control de longitud fija 00959nam a2200229 i 4500
001 - NÚMERO DE CONTROL
campo de control 94155
003 - IDENTIFICADOR DE NÚMERO DE CONTROL
campo de control ES-MaACL
005 - FECHA Y HORA DE LA ÚLTIMA TRANSACCIÓN
campo de control 20250407161903.0
007 - CAMPO FIJO DE DESCRIPCIÓN FÍSICA--INFORMACIÓN GENERAL
campo de control de longitud fija t|
008 - DATOS DE LONGITUD FIJA--INFORMACIÓN GENERAL
campo de control de longitud fija 050628s1951 sp ||||1| spa d
080 ## - NÚMERO DE LA CLASIFICACIÓN DECIMAL UNIVERSAL
Número de la Clasificación Decimal Universal 526.9(075.3)
245 00 - MENCIÓN DEL TÍTULO
Título Apuntes de topografía Melocabo
Resto del título : autorizados por el profesor de la signatura.
260 ## - PUBLICACIÓN, DISTRIBUCIÓN, ETC.
Lugar de publicación, distribución, etc. Madrid :
Nombre del editor, distribuidor, etc. [s.n.,
Fecha de publicación, distribución, etc. 1951?] (
Fabricante Lit. E. Nieto)
300 ## - DESCRIPCIÓN FÍSICA
Extensión 331 p. ;
Dimensiones 22 cm.
500 ## - NOTA GENERAL
Nota general Precede al tit.: Escuela de Peritos Industriales de Madrid.
650 #7 - PUNTO DE ACCESO ADICIONAL DE MATERIA--TÉRMINO DE MATERIA
9 (RLIN) 136936
Término de materia o nombre geográfico como elemento de entrada Topografía
852 ## - LOCALIZACIÓN
Ubicación ES-MaACL
Número de control de estantería D-6561
Sublocalización o colección R.31274
-- R.M.6152
itemnumber 97663
Ubicación en estantería Sala Valle Inclán
Marcas de propiedad Sello en tinta azul de la Biblioteca del Ateneo de Madrid.
Anotaciones manuscritas Anotación manscrita a lápiz en portada: "28".
Encuadernación Encuadernación holandesa en piel granate.
942 ## - ELEMENTOS DE ENTRADA SECUNDARIOS (KOHA)
Fuente del sistema de clasificación o colocación Clasificación decimal universal
Tipo de ítem Koha Libro impreso
Holdings
Estatus retirado Estado de pérdida Estado de daño No para préstamo Biblioteca de origen Biblioteca actual Ubicación en estantería Fecha de adquisición Fuente de adquisición Total de préstamos Signatura topográfica completa Código de barras Visto por última vez Precio de reemplazo Tipo de ítem Koha
        Biblioteca del Ateneo de Madrid Biblioteca del Ateneo de Madrid Sala Valle Inclán 17/01/2008     D-6561 901098341 23/02/2023 23/02/2023 Libro impreso